Southville International School and Colleges
Your cart is empty.
  • Cart
  • Lists
    Public lists Eva Luna New books Lux_list list_1
    Your lists Log in to create your own lists
  • Log in to your account
  • Your cookies
  • Search history
Southville International School and Colleges
  • Advanced search
  • Recent comments
  • Most popular
  • Libraries

Log in to your account

Log in with GOOGLE


If you do not have an external account, but do have a local account, you can still log in:

  1. Home
  2. MARC view: Cookie's week /
Normal view MARC view ISBD view

Cookie's week / (Record no. 33539)

[ view plain ]
MARC details
000 -LEADER
fixed length control field 00560nam a22002057a 4500
003 - CONTROL NUMBER IDENTIFIER
control field OSt
005 - DATE AND TIME OF LATEST TRANSACTION
control field 20140310184312.0
008 - FIXED-LENGTH DATA ELEMENTS--GENERAL INFORMATION
fixed length control field 121109t xxu||||| |||| 00| 0 eng d
020 ## - INTERNATIONAL STANDARD BOOK NUMBER
International Standard Book Number 9780590436045
050 ## - LIBRARY OF CONGRESS CALL NUMBER
Classification number PZ 7
Item number .W187Co 1990
100 ## - MAIN ENTRY--PERSONAL NAME
Personal name Ward, Cindy.
9 (RLIN) 30227
245 ## - TITLE STATEMENT
Title Cookie's week /
Statement of responsibility, etc by Cindy Ward, illustrated by Tomie de Paola.
260 ## - PUBLICATION, DISTRIBUTION, ETC. (IMPRINT)
Place of publication, distribution, etc New York :
Name of publisher, distributor, etc Scholastic Inc.,
Date of publication, distribution, etc 1990
300 ## - PHYSICAL DESCRIPTION
Other physical details col. ill. ;
Dimensions 18 cm.
Extent [32 p.]
521 ## - TARGET AUDIENCE NOTE
Target audience note
526 ## - STUDY PROGRAM INFORMATION NOTE
Reading level 100
650 ## - SUBJECT ADDED ENTRY--TOPICAL TERM
Topical term or geographic name as entry element Cat
General subdivision Fiction
9 (RLIN) 23343
942 ## - ADDED ENTRY ELEMENTS (KOHA)
Source of classification or shelving scheme Library of Congress Classification
Koha item type
Holdings
Withdrawn status Lost status Source of classification or shelving scheme Damaged status Home library Current library Shelving location Date acquired Total Checkouts Total Renewals Full call number Barcode Date last seen Date checked out Copy number Price effective from Koha item type
    Library of Congress Classification   Luxembourg Library Luxembourg Library Scholastic Reading Center Section 10/03/2013 1 1 PZ 7 .W187Co 1990 LEX0020 04/05/2018 01/10/2018 1 10/03/2013 Books

Cookie's week /

APA

Ward C., . (1990). Cookie's week. New York: Scholastic Inc.

Chicago

Ward Cindy, . 1990. Cookie's week. New York: Scholastic Inc.

Harvard

Ward C., . (1990). Cookie's week. New York: Scholastic Inc.

MLA

Ward Cindy, . Cookie's week. New York: Scholastic Inc. 1990.

  • Place hold
  • Print
  • Cite
  • Add to your cart (remove)
  • Save record
    BIBTEX Dublin Core MARCXML MARC (non-Unicode/MARC-8) MARC (Unicode/UTF-8) MARC (Unicode/UTF-8, Standard) MODS (XML) RIS
  • More searches
    Search for this title in:
    Other Libraries (WorldCat) Other Databases (Google Scholar) Online Stores (Bookfinder.com) Open Library (openlibrary.org)

Exporting to Dublin Core...

SOUTHVILLE LIBRARY

Southville International School and Colleges Library

1281 Tropical Ave. Cor. Luxembourg St., BF Homes International, Las Pinas City

Tel. No. 8256374 / 252358 Loc. 117/146

Powered by Koha